| 000 | 00353nam a22001577a 4500 | ||
|---|---|---|---|
| 003 | OSt | ||
| 005 | 20220121153023.0 | ||
| 008 | 220121b |||||||| |||| 00| 0 eng d | ||
| 020 | _a9789389441185 | ||
| 040 |
_aHU _cDDC |
||
| 082 | _a574/GUP | ||
| 245 | _aBIOLOGY | ||
| 260 |
_aENGLAND _bARTZ BOOKS _c2020 |
||
| 300 | _a189P,36CM | ||
| 942 |
_2ddc _cBOOKS _n0 |
||
| 999 |
_c27579 _d27579 |
||